000
00257nam a22001217a 4500
041
_a
ENG
100
_a
Holowenko ,A.R
245
_a
Dynamics Of Hachinery
260
_a
New york
_b
Jophn Wiley
_c
1955
300
_a
464
650
_a
FMP
856
_u
FMP ( 4 )
999
_c
1404
_d
1404